Súbor prednášok z družstevníctva

Na minha lista:
Detalhes bibliográficos
Autor principal: Šúbertová, Elena
Formato: Livro
Idioma:eslovaco
Publicado em: Bratislava KARTPRINT 1997
Colecção:Redakcia odbornej literatúry
Assuntos:
Tags: Adicionar Tag
Sem tags, seja o primeiro a adicionar uma tag!

MARC

LEADER 00000nam a2200000 4500
001 c100821
005 20221123122554.5
020 |a 80-88870-06-2 
041 0 |a slo 
044 |a SK 
245 1 0 |a Súbor prednášok z družstevníctva  |c Elena Šúbertová 
264 1 |a Bratislava  |b KARTPRINT  |c 1997 
300 |a 122 s. 
490 1 |a Redakcia odbornej literatúry 
830 0 |a Redakcia odbornej literatúry 
610 2 0 |a družstevníctvo 
610 2 0 |a družstvá 
610 2 0 |a riadenie 
610 2 0 |a manažment 
610 2 0 |a marketing 
610 2 0 |a podiely na zisku 
610 2 0 |a družstvá bytové 
610 2 0 |a družstvá poľnohospodárske 
610 2 0 |a družstvá spotrebné 
610 2 0 |a družstvá výrobné 
610 2 0 |a družstvá živnostenské 
100 1 |a Šúbertová, Elena